Learning Resource and Development

Financial accounting / (Record no. 13011)

MARC details
000 -LEADER
fixed length control field 01081nam a22003497a 4500
005 - DATE AND TIME OF LATEST TRANSACTION
control field 20230512224057.0
008 - FIXED-LENGTH DATA ELEMENTS--GENERAL INFORMATION
fixed length control field 230125t xxu||||| |||| 00| 0 eng d
020 ## - INTERNATIONAL STANDARD BOOK NUMBER
International Standard Book Number 9781260565430
040 ## - CATALOGING SOURCE
Transcribing agency CSPC
050 0# - LIBRARY OF CONGRESS CALL NUMBER
Classification number HF5635
082 0# - DEWEY DECIMAL CLASSIFICATION NUMBER
Classification number 657
Item number L614f
100 ## - MAIN ENTRY--PERSONAL NAME
Personal name Libby, Robert,
Relator term author.
245 00 - TITLE STATEMENT
Title Financial accounting /
Statement of responsibility, etc. Robert Libby, Patricia A. Libby, and Frank Hodge.
250 ## - EDITION STATEMENT
Edition statement Tenth
Remainder of edition statement edition
260 ## - PUBLICATION, DISTRIBUTION, ETC.
Place of publication, distribution, etc. New York, NY :
Name of publisher, distributor, etc. McGraw-Hill Education,
Date of publication, distribution, etc. 2020
300 ## - PHYSICAL DESCRIPTION
Extent xxviii, 716 pages :
Other physical details illustrations ;
Dimensions 28 cm.
336 ## - CONTENT TYPE
Source rdacontent
Content type term text
337 ## - MEDIA TYPE
Source rdamedia
Media type term unmediated
338 ## - CARRIER TYPE
Source rdacarrier
Carrier type term volume
500 ## - GENERAL NOTE
General note Includes index.
650 10 - SUBJECT ADDED ENTRY--TOPICAL TERM
Topical term or geographic name entry element Corporations
General subdivision Accounting.
650 10 - SUBJECT ADDED ENTRY--TOPICAL TERM
Topical term or geographic name entry element Accounting.
650 10 - SUBJECT ADDED ENTRY--TOPICAL TERM
Topical term or geographic name entry element Financial statements.
650 10 - SUBJECT ADDED ENTRY--TOPICAL TERM
Topical term or geographic name entry element Cash management.
650 10 - SUBJECT ADDED ENTRY--TOPICAL TERM
Topical term or geographic name entry element Inventories
General subdivision Accounting.
700 1# - ADDED ENTRY--PERSONAL NAME
Personal name Libby, Patricia A.,
Relator term author.
700 1# - ADDED ENTRY--PERSONAL NAME
Personal name Hodge, Frank,
Relator term author.
940 ## - EQUIVALENCE OR CROSS-REFERENCE--UNIFORM TITLE [OBSOLETE] [CAN/MARC only]
Uniform title <a href="jessa f">jessa f</a>
942 ## - ADDED ENTRY ELEMENTS (KOHA)
Koha item type
-- CIR 657 L614f 2020
Holdings
Withdrawn status Lost status Damaged status Not for loan Home library Current library Shelving location Date acquired Total Checkouts Full call number Barcode Date last seen Copy number Price effective from Koha item type
        Main Library Main Library Circulation Section 05/12/2023   CIR 657 L614f 2020 025092 05/12/2023 1-2 05/12/2023 Books
        Main Library Main Library Circulation Section 05/12/2023   CIR 657 L614f 2020 025093 05/12/2023 2-2 05/12/2023 Books